000 00702nam a2200289Ia 4500
005 20260324135305.0
008 008 260324s9999 xx 000 0 eng d
020 _a9781410600387
037 _aEBOOK
040 _aCRL
040 _beng
040 _cCRL
041 _2eng
041 _aeng
084 _qCRL
100 _aUrs E. Gattiker
_91200054
245 4 _aThe Internet As A Diverse Community
245 0 _bCultural, Organizational, and Political Issues
260 _bTaylor and Francis
260 _c2000
365 _a
365 _b220
856 _uhttp://www.taylorfrancis.com/books/9781410600387
942 _cEBOOK
999 _c1800961
_d1800961